[Event "New Zealand Open Ch'p 2015"]
[Site "Devonport, Auckland"]
[Date "2015.01.04"]
[Round "4.39"]
[White "Schmitz, Manuela"]
[Black "Opasiak, Dustin Tennessee"]
[Result "0-1"]
[WhiteElo "1966"]
[BlackElo "1729"]
[PlyCount "87"]
[EventDate "2015.01.01"]
[EventType "swiss"]
[EventRounds "9"]
[SourceDate "2015.01.01"]

1. d4 c5 2. dxc5 Qa5+ 3. Nc3 e6 4. Bd2 Qxc5 5. e4 Nf6 6. Bd3 d6 7. Nf3 Be7 8.
O-O a6 9. Be3 Qc7 10. h3 O-O 11. Qe2 Nc6 12. a3 Nd7 13. Qd2 Nde5 14. Nxe5 Nxe5
15. Bf4 b5 16. Rad1 Bb7 17. Qe3 Nc4 18. Bxc4 bxc4 19. Rd2 e5 20. Bg5 f5 21.
exf5 Rxf5 22. Bxe7 Qxe7 23. Nd5 Qf7 24. Rfd1 Rd8 25. Qg3 h6 26. Qh4 Rg5 27.
Qxc4 Kh8 28. Qd3 Qe6 29. c4 Rf8 30. Re1 Bc6 31. Re3 Qf7 32. Rg3 Rf5 33. Qe2 Qa7
34. Qe3 Qf7 35. Qb6 Bxd5 36. cxd5 e4 37. Qd4 Re5 38. Rc3 Qf4 39. Qe3 Qf7 40.
Rc4 Rxd5 41. Rxe4 Rf5 42. Re7 Qa2 43. Qd4 Rg5 44. Re6 0-1

[Event "New Zealand Open Ch'p 2015"]
[Site "Devonport, Auckland"]
[Date "2015.01.04"]
[Round "4.40"]
[White "D`arcy, Michael"]
[Black "Power, P Wayne"]
[Result "1-0"]
[WhiteElo "1916"]
[BlackElo "1926"]
[PlyCount "137"]
[EventDate "2015.01.01"]
[EventType "swiss"]
[EventRounds "9"]
[SourceDate "2015.01.01"]

1. e4 e5 2. Nc3 Bc5 3. Bc4 Nf6 4. Nge2 d6 5. d3 Ng4 6. d4 exd4 7. Na4 Bb4+ 8.
c3 dxc3 9. bxc3 Qf6 10. O-O Ba5 11. Nf4 O-O 12. Bb3 Nc6 13. f3 Nge5 14. Nd5 Qg6
15. Qe2 a6 16. Be3 Kh8 17. Kh1 Be6 18. Nf4 Qf6 19. Nd5 Qd8 20. h3 f5 21. f4 Ng6
22. exf5 Bxf5 23. Qd2 Qd7 24. Kh2 Rae8 25. Nb2 Nge7 26. Rae1 Nxd5 27. Bxd5 b5
28. g4 Be4 29. Bxc6 Qxc6 30. Bd4 d5 31. Nd1 Bb6 32. Be5 Qh6 33. Qb2 Bc5 34. g5
Qg6 35. Nf2 Bd6 36. Ng4 Bxe5 37. Nxe5 Qd6 38. Kg1 Qc5+ 39. Kh2 Qd6 40. Kg1 Qc5+
41. Kh2 Qd6 42. Kg1 Kg8 43. Qd2 Bf5 44. Kh2 c6 45. h4 g6 46. Rg1 a5 47. Re3 c5
48. Reg3 d4 49. h5 Qd5 50. h6 b4 51. c4 Qd6 52. Qg2 Re7 53. Qd2 Rfe8 54. Re1 a4
55. Qd1 Qa6 56. Qf3 Qa8 57. Qd1 b3 58. axb3 a3 59. b4 a2 60. Qa1 Bb1 61. Rxb1
axb1=Q 62. Qxb1 Ra7 63. Rg2 Ra1 64. Qc2 cxb4 65. c5 Qa4 66. Qc4+ Kh8 67. Nf7+
Kg8 68. Nd6+ Kh8 69. Qxd4+ 1-0

[Event "New Zealand Open Ch'p 2015"]
[Site "Devonport, Auckland"]
[Date "2015.01.04"]
[Round "4.41"]
[White "Yan, Sarah"]
[Black "Aldridge, Alan L"]
[Result "0-1"]
[WhiteElo "1390"]
[BlackElo "1890"]
[PlyCount "108"]
[EventDate "2015.01.01"]
[EventType "swiss"]
[EventRounds "9"]
[SourceDate "2015.01.01"]

1. d4 Nf6 2. c4 c5 3. Nf3 cxd4 4. Nxd4 Nc6 5. Nf3 g6 6. Nc3 Bg7 7. e3 O-O 8.
Bd3 d6 9. O-O Bg4 10. Be2 Rc8 11. h3 Bd7 12. Rb1 a5 13. a3 Bf5 14. Bd3 Qd7 15.
Bxf5 Qxf5 16. Bd2 e5 17. b3 e4 18. Nd4 Nxd4 19. exd4 b6 20. Be3 d5 21. Qe2 Rfd8
22. Rfd1 Bf8 23. Ra1 Qe6 24. Bg5 dxc4 25. Bxf6 Qxf6 26. Nxe4 Qe6 27. d5 Qe5 28.
bxc4 f5 29. Ng3 Qxe2 30. Nxe2 Rxc4 31. Rd3 Kf7 32. Ra2 Bg7 33. g3 Be5 34. Rad2
Ke7 35. f4 Bd6 36. Kg2 Bc5 37. Ng1 Ra4 38. Ra2 Bxg1 39. Kxg1 Rc4 40. Kf2 Kd6
41. Re2 Kc5 42. Red2 Rd6 43. Kf3 b5 44. Ke3 b4 45. axb4+ axb4 46. Kf3 Rc3 47.
Rxc3+ bxc3 48. Rc2 Kc4 49. Ke3 Rxd5 50. Ke2 Kb3 51. Rc1 Kb2 52. Rd1 Rxd1 53.
Kxd1 c2+ 54. Ke2 c1=Q 0-1

[Event "New Zealand Open Ch'p 2015"]
[Site "Devonport, Auckland"]
[Date "2015.01.04"]
[Round "4.42"]
[White "Taylor, Richard"]
[Black "Burke, Matthew WP"]
[Result "1/2-1/2"]
[WhiteElo "1871"]
[BlackElo "1833"]
[PlyCount "92"]
[EventDate "2015.01.01"]
[EventType "swiss"]
[EventRounds "9"]
[SourceDate "2015.01.01"]

1. e4 e5 2. Nf3 Nc6 3. d4 exd4 4. Nxd4 Nf6 5. Nc3 Bb4 6. Nxc6 bxc6 7. Bd3 O-O
8. O-O d5 9. exd5 cxd5 10. Bg5 Be7 11. Qf3 c6 12. Rfe1 Rb8 13. Rab1 Bd7 14. Ne2
Re8 15. h3 a5 16. Ng3 h6 17. Bf4 Rc8 18. Bd2 Be6 19. Nf5 Bf8 20. Bc3 Bxf5 21.
Qxf5 Rxe1+ 22. Rxe1 d4 23. Bxa5 Qd7 24. Qxd7 Nxd7 25. Bd2 Ra8 26. b3 Rxa2 27.
Re8 Ra1+ 28. Kh2 c5 29. Bf4 Nf6 30. Rd8 Re1 31. Rxf8+ Kxf8 32. Bd6+ Ke8 33.
Bxc5 Kd7 34. Bxd4 Kd6 35. Bc3 Re8 36. Bc4 Rc8 37. Bb4+ Ke5 38. Bc3+ Kd6 39. f4
Ne8 40. Bb4+ Kd7 41. Bb5+ Ke6 42. Bd3 Kd5 43. Kg3 Nf6 44. Kf3 Kd4 45. Ba3 Kc3
46. Bd6 Nd7 1/2-1/2

[Event "New Zealand Open Ch'p 2015"]
[Site "Devonport, Auckland"]
[Date "2015.01.04"]
[Round "4.43"]
[White "Tsagarakis, Angelo"]
[Black "Shaw, Robin A"]
[Result "1-0"]
[WhiteElo "1855"]
[BlackElo "1813"]
[PlyCount "87"]
[EventDate "2015.01.01"]
[EventType "swiss"]
[EventRounds "9"]
[SourceDate "2015.01.01"]

1. e4 g6 2. d4 Bg7 3. Be3 d6 4. Nf3 Nf6 5. Nc3 Bg4 6. h3 Bxf3 7. Qxf3 c6 8. Be2
Nbd7 9. O-O O-O 10. Rad1 Qc7 11. Qg3 b5 12. Bd3 b4 13. Ne2 c5 14. c3 Rab8 15.
f4 c4 16. Bb1 bxc3 17. bxc3 Rb2 18. Qf3 Rfb8 19. e5 Nh5 20. Bf2 Bf8 21. g4 Ng7
22. Ng3 e6 23. Ne4 d5 24. Nd2 Nb6 25. Be3 Na4 26. Rc1 Ba3 27. f5 Rxd2 28. Bxd2
Bxc1 29. Rxc1 Rb2 30. Bh6 Qb6 31. fxg6 hxg6 32. Rf1 Nf5 33. Bxf5 gxf5 34. gxf5
exf5 35. Bc1 Rxa2 36. Kh1 Kf8 37. Qxf5 Qc7 38. Bh6+ Ke8 39. Rg1 Ke7 40. Bg5+
Kf8 41. Bh6+ Ke7 42. Qf6+ Kd7 43. Qxf7+ Kc6 44. Qe6+ 1-0

[Event "New Zealand Open Ch'p 2015"]
[Site "Devonport, Auckland"]
[Date "2015.01.04"]
[Round "4.44"]
[White "Seabrook, Roy"]
[Black "Hielscher, Ursula"]
[Result "1-0"]
[WhiteElo "1839"]
[BlackElo "1845"]
[PlyCount "23"]
[EventDate "2015.01.01"]
[EventType "swiss"]
[EventRounds "9"]
[SourceDate "2015.01.01"]

1. e4 e6 2. d4 d5 3. Nc3 Qd7 4. Nf3 b6 5. Ne5 Qe7 6. exd5 exd5 7. Nxd5 Qd6 8.
Qf3 f6 9. Bb5+ c6 10. Nxc6 Nxc6 11. Nxf6+ Nxf6 12. Qxc6+ 1-0

[Event "New Zealand Open Ch'p 2015"]
[Site "Devonport, Auckland"]
[Date "2015.01.04"]
[Round "4.45"]
[White "Maris, Natalie A"]
[Black "McRae, John H"]
[Result "1-0"]
[WhiteElo "1824"]
[BlackElo "1133"]
[PlyCount "51"]
[EventDate "2015.01.01"]
[EventType "swiss"]
[EventRounds "9"]
[SourceDate "2015.01.01"]

1. e4 c5 2. d4 e6 3. Nf3 Be7 4. Be3 b6 5. Nc3 Nf6 6. h3 O-O 7. e5 Nd5 8. Nxd5
exd5 9. c3 Nc6 10. Bd3 d6 11. Qc2 g6 12. a3 Bd7 13. Bh6 Re8 14. h4 dxe5 15.
dxe5 Bg4 16. Bb5 Rc8 17. Qa4 Bd7 18. O-O-O Qc7 19. Rxd5 Be6 20. Rd2 Red8 21.
Rxd8+ Bxd8 22. Ba6 Rb8 23. h5 Bd7 24. Qf4 Bf5 25. g4 Bd3 26. Bxd3 1-0

[Event "New Zealand Open Ch'p 2015"]
[Site "Devonport, Auckland"]
[Date "2015.01.04"]
[Round "4.46"]
[White "Fairley, Natasha"]
[Black "Zhang, Jasmine"]
[Result "1/2-1/2"]
[WhiteElo "1796"]
[BlackElo "1594"]
[PlyCount "103"]
[EventDate "2015.01.01"]
[EventType "swiss"]
[EventRounds "9"]
[SourceDate "2015.01.01"]

1. e4 c5 2. c4 d6 3. Nc3 Nc6 4. d3 g6 5. g3 Bg7 6. Nge2 Bd7 7. Be3 Nf6 8. Bg2
a6 9. O-O O-O 10. h3 Ne8 11. Qd2 Rc8 12. Bh6 f5 13. Bxg7 Nxg7 14. Kh2 Be6 15.
Nf4 Bd7 16. Rac1 Rb8 17. a4 Ne5 18. exf5 Bxf5 19. Ne4 b5 20. axb5 axb5 21. b3
bxc4 22. bxc4 Qd7 23. Qe2 Rb3 24. Nxc5 dxc5 25. Qxe5 Bxd3 26. Nxd3 Rxd3 27.
Qxc5 e6 28. Rb1 Rc8 29. Qb5 Qd4 30. Rbc1 Rd2 31. Qa6 Rf8 32. f4 Qe4 33. Rg1 Nf5
34. Qa5 Re2 35. Rce1 Qxc4 36. Rxe2 Qxe2 37. Qe1 Qxe1 38. Rxe1 Kf7 39. g4 Ne7
40. Rd1 Rb8 41. Rd3 Rc8 42. Kg3 Rc7 43. h4 h5 44. Bf3 hxg4 45. Kxg4 Kf6 46. Rd8
Nf5 47. Be4 Rh7 48. Bxf5 exf5+ 49. Kg3 Rc7 50. Rd3 Re7 51. Ra3 Re4 52. Rb3
1/2-1/2

[Event "New Zealand Open Ch'p 2015"]
[Site "Devonport, Auckland"]
[Date "2015.01.04"]
[Round "4.47"]
[White "Holdo, Karl"]
[Black "Li, Rodney Xiang Rei"]
[Result "1-0"]
[WhiteElo "1606"]
[BlackElo "1452"]
[PlyCount "63"]
[EventDate "2015.01.01"]
[EventType "swiss"]
[EventRounds "9"]
[SourceDate "2015.01.01"]

1. d4 Nf6 2. Nf3 e6 3. Bf4 d5 4. e3 c5 5. c3 Nc6 6. Bd3 Be7 7. Nbd2 O-O 8. Ng5
h6 9. h4 cxd4 10. exd4 Re8 11. Be5 Bd6 12. f4 Bf8 13. Qc2 Qe7 14. Be2 g6 15. h5
Kg7 16. hxg6 fxg6 17. O-O-O Nxe5 18. fxe5 Nh7 19. Nxh7 Kxh7 20. Bd3 Qg7 21. Rh3
Bd7 22. Rg3 Kh8 23. Rxg6 Qe7 24. Rh1 a6 25. g4 Bb5 26. g5 Bxd3 27. Qxd3 Qf7 28.
Rf6 Qe7 29. gxh6 b5 30. Rg1 Qh7 31. Qf3 Rac8 32. Rf7 1-0

[Event "New Zealand Open Ch'p 2015"]
[Site "Devonport, Auckland"]
[Date "2015.01.04"]
[Round "4.48"]
[White "Holdaway, Steven"]
[Black "Steadman, Mathew"]
[Result "1-0"]
[WhiteElo "1387"]
[BlackElo "1103"]
[PlyCount "43"]
[EventDate "2015.01.01"]
[EventType "swiss"]
[EventRounds "9"]
[SourceDate "2015.01.01"]

1. Nf3 d6 2. g3 Nf6 3. Bg2 c6 4. O-O Qc7 5. d3 Nbd7 6. e4 e5 7. Nbd2 Be7 8. b3
O-O 9. Bb2 b6 10. Nh4 Bb7 11. f4 exf4 12. Rxf4 g5 13. Nf5 gxf4 14. Nxe7+ Kh8
15. Qg4 fxg3 16. Qxd7 gxh2+ 17. Kxh2 Kg7 18. Bxf6+ Kxf6 19. Qxc7 Rab8 20. Qxd6+
Kg7 21. Nf5+ Kh8 22. Qf6+ 1-0

[Event "New Zealand Open Ch'p 2015"]
[Site "Devonport, Auckland"]
[Date "2015.01.04"]
[Round "4.50"]
[White "Brockway, Andrew"]
[Black "Huang, Alex"]
[Result "1/2-1/2"]
[WhiteElo "1727"]
[BlackElo "2035"]
[PlyCount "112"]
[EventDate "2015.01.01"]
[EventType "swiss"]
[EventRounds "9"]
[SourceDate "2015.01.01"]

1. e4 c5 2. Nc3 g6 3. f4 Bg7 4. Nf3 Nc6 5. Bb5 Nd4 6. O-O Nxb5 7. Nxb5 d5 8.
exd5 a6 9. Nc3 Nf6 10. d3 Nxd5 11. Bd2 O-O 12. Rb1 b5 13. Qe2 Bb7 14. Ne4 Qc7
15. Nfg5 h6 16. Nh3 e6 17. Kh1 Rfe8 18. Qe1 f5 19. Ng3 Qc6 20. Rf2 e5 21. Re2
exf4 22. Nxf4 Nxf4 23. Bxf4 Rxe2 24. Qxe2 Re8 25. Qf1 Qe6 26. c4 g5 27. Bd2 f4
28. Ne4 Bxe4 29. dxe4 Qxc4 30. Qxc4+ bxc4 31. e5 Rxe5 32. Bc3 Re2 33. Bxg7 Kxg7
34. Kg1 Kf6 35. Rc1 Rxb2 36. Rxc4 Rxa2 37. Rxc5 Kg6 38. g4 fxg3 39. hxg3 Kh5
40. Rc6 a5 41. Rc4 a4 42. Kh1 a3 43. Ra4 Kg6 44. Ra6+ Kf5 45. Ra4 h5 46. Kg1
Ra1+ 47. Kg2 a2 48. Kh2 g4 49. Kg2 h4 50. gxh4 g3 51. h5 Kg5 52. h6 Kxh6 53.
Ra5 Kg6 54. Ra8 Kf5 55. Ra4 Ke5 56. Ra8 Kd4 1/2-1/2

[Event "New Zealand Open Ch'p 2015"]
[Site "Devonport, Auckland"]
[Date "2015.01.04"]
[Round "4.51"]
[White "Maris, Fred A"]
[Black "Fan, Allen Chi Zhou"]
[Result "0-1"]
[WhiteElo "1519"]
[BlackElo "1816"]
[PlyCount "248"]
[EventDate "2015.01.01"]
[EventType "swiss"]
[EventRounds "9"]
[SourceDate "2015.01.01"]

1. e4 Nf6 2. e5 Nd5 3. d4 d6 4. c4 Nb6 5. Nf3 Bg4 6. Be2 Nc6 7. b3 dxe5 8. dxe5
Bxf3 9. Qxd8+ Rxd8 10. Bxf3 Nxe5 11. Bxb7 e6 12. O-O f6 13. Be3 Kf7 14. Nc3 Rb8
15. Be4 a6 16. h3 f5 17. Bc2 h5 18. Ne2 Be7 19. Rad1 Nc6 20. Nd4 Nb4 21. Bb1 c5
22. Nf3 Nc6 23. Rfe1 Rhe8 24. Bf4 Rbc8 25. Ne5+ Nxe5 26. Bxe5 g5 27. Rd3 Red8
28. Red1 Rxd3 29. Rxd3 Rd8 30. Rxd8 Bxd8 31. a3 Nd7 32. Bc3 Bf6 33. Bd2 Kg6 34.
Be3 Bb2 35. a4 Bc3 36. Kf1 Bb4 37. f4 gxf4 38. Bxf4 e5 39. Bc1 e4 40. Bf4 Nf8
41. g4 hxg4 42. hxg4 Ne6 43. gxf5+ Kxf5 44. Be3 Nd4 45. Ba2 Ke5 46. Kf2 Nc6 47.
Bb1 Nd4 48. Ba2 Nc2 49. Bb1 Na1 50. Ba2 Nc2 51. Bb1 Nd4 52. Ba2 Ba5 53. Kf1 Kf5
54. Kf2 Bc7 55. b4 Bb6 56. bxc5 Bxc5 57. Bb1 Ke5 58. Ke1 Bb4+ 59. Kd1 Nf5 60.
Ke2 Bc3 61. Bg1 Nd4+ 62. Kf2 Nf3 63. Kg2 Kf4 64. c5 e3 65. c6 Ba5 66. Ba2 e2
67. Bf2 e1=Q 68. Bxe1 Nxe1+ 69. Kf1 Nd3 70. Bc4 Nc5 71. Ke2 Ke4 72. Bxa6 Nxa6
73. Kf2 Kd5 74. Ke3 Kxc6 75. Kd4 Nc5 76. Kc4 Nxa4 77. Kd4 Nb2 78. Ke4 Bb6 79.
Ke5 Kc5 80. Ke4 Kc4 81. Ke5 Bc5 82. Ke4 Nd3 83. Kf5 Kd4 84. Kg4 Ke4 85. Kg5 Bd4
86. Kg6 Ne5+ 87. Kf6 Kd5 88. Kf5 Nd3 89. Kg4 Ke4 90. Kg3 Ne5 91. Kg2 Kf4 92.
Kf1 Ke3 93. Kg2 Nd3 94. Kf1 Be5 95. Kg2 Ke2 96. Kh1 Kf3 97. Kg1 Bg3 98. Kf1 Nf4
99. Kg1 Ne2+ 100. Kf1 Bf4 101. Ke1 Nd4 102. Kf1 Be3 103. Ke1 Nf5 104. Kf1 Ng3+
105. Ke1 Ke4 106. Kd1 Kd3 107. Ke1 Kc3 108. Kd1 Bf2 109. Kc1 Ne4 110. Kd1 Kd3
111. Kc1 Bd4 112. Kd1 Bc3 113. Kc1 Nf2 114. Kb1 Be5 115. Ka2 Kc4 116. Ka3 Nd3
117. Ka4 Bc3 118. Ka3 Bb4+ 119. Ka2 Kc3 120. Ka1 Kb3 121. Kb1 Ba3 122. Ka1 Nb4
123. Kb1 Nd5 124. Ka1 Bb2+ 0-1

[Event "New Zealand Open Ch'p 2015"]
[Site "Devonport, Auckland"]
[Date "2015.01.04"]
[Round "4.52"]
[White "Picken, Oliver"]
[Black "Shen, Terry"]
[Result "0-1"]
[WhiteElo "1505"]
[BlackElo "1722"]
[PlyCount "76"]
[EventDate "2015.01.01"]
[EventType "swiss"]
[EventRounds "9"]
[SourceDate "2015.01.01"]

1. e4 c5 2. Nf3 e6 3. d4 cxd4 4. Nxd4 a6 5. c4 Qc7 6. Nc3 Nf6 7. f4 Bb4 8. Bd3
Bxc3+ 9. bxc3 d6 10. O-O O-O 11. Ba3 Re8 12. Bxd6 Qxd6 13. e5 Qe7 14. exf6 Qxf6
15. Qc2 h6 16. Nf3 Qxf4 17. Rae1 Qc7 18. Ne5 f5 19. Ng6 Bd7 20. Qe2 Nc6 21. c5
Na5 22. Qf2 Rac8 23. Re5 Nc6 24. Re3 Nd8 25. Ne5 Nf7 26. Nxf7 Kxf7 27. g4 g6
28. gxf5 gxf5 29. Qh4 Rg8+ 30. Kf2 Qxc5 31. Qh5+ Rg6 32. Rg1 Rcg8 33. Rxg6 Rxg6
34. c4 Qd4 35. Be2 f4 36. Qf3 Qxe3+ 37. Qxe3 fxe3+ 38. Kxe3 Rg2 0-1

[Event "New Zealand Open Ch'p 2015"]
[Site "Devonport, Auckland"]
[Date "2015.01.04"]
[Round "4.53"]
[White "Meng, Richard"]
[Black "Brockman, Roland"]
[Result "0-1"]
[WhiteElo "1106"]
[BlackElo "1652"]
[PlyCount "100"]
[EventDate "2015.01.01"]
[EventType "swiss"]
[EventRounds "9"]
[SourceDate "2015.01.01"]

1. e4 e5 2. Nf3 Nc6 3. d4 exd4 4. Bc4 Bc5 5. c3 d3 6. Qxd3 d6 7. Ng5 Ne5 8. Qe2
h6 9. Nf3 Bg4 10. Nbd2 Nf6 11. h3 Bxf3 12. Nxf3 Nxc4 13. Qxc4 O-O 14. O-O Bb6
15. Be3 Bxe3 16. fxe3 Re8 17. Nd2 d5 18. exd5 Qxd5 19. Rad1 Qxc4 20. Nxc4 b5
21. Na3 a6 22. c4 Rxe3 23. cxb5 axb5 24. Nxb5 Rxa2 25. Nxc7 Rxb2 26. Rf2 Rxf2
27. Kxf2 Rc3 28. Nd5 Nxd5 29. Rxd5 Rc2+ 30. Kg3 Kh7 31. h4 g6 32. Kf3 h5 33. g4
Rc3+ 34. Kg2 hxg4 35. Rg5 f5 36. h5 gxh5 37. Rxf5 Kg6 38. Rf4 Kg5 39. Ra4 Kh4
40. Rb4 Rc2+ 41. Kg1 Kh3 42. Rb5 h4 43. Rb1 g3 44. Ra1 Rc4 45. Rb1 Kg4 46. Kg2
h3+ 47. Kg1 Re4 48. Rc1 h2+ 49. Kh1 Kh3 50. Rc3 Re1# 0-1

[Event "New Zealand Open Ch'p 2015"]
[Site "Devonport, Auckland"]
[Date "2015.01.04"]
[Round "4.54"]
[White "Nylund, Benjamin"]
[Black "Lee, Amy"]
[Result "1-0"]
[WhiteElo "1453"]
[BlackElo "644"]
[PlyCount "105"]
[EventDate "2015.01.01"]
[EventType "swiss"]
[EventRounds "9"]
[SourceDate "2015.01.01"]

1. c4 f5 2. d4 e6 3. Nc3 Nf6 4. Bg5 Be7 5. e3 O-O 6. Bd3 d5 7. Nge2 c6 8. O-O
Qe8 9. Bf4 Nh5 10. Be5 Nd7 11. Bc7 Rf6 12. Ng3 Nxg3 13. Bxg3 Qf8 14. c5 Rh6 15.
b4 Qd8 16. Qf3 Nf8 17. Bf4 Rg6 18. g3 b6 19. Qg2 Bg5 20. Bxg5 Qxg5 21. f4 Qf6
22. Be2 Bd7 23. a4 b5 24. axb5 cxb5 25. Bf3 a6 26. Nxd5 exd5 27. Bxd5+ Be6 28.
Bxa8 Bc8 29. Bd5+ Ne6 30. Ra5 Kf8 31. Kf2 Nc7 32. Ke2 Qd8 33. Bf3 Re6 34. Kd3
Qe8 35. Re1 Qf7 36. Ra3 Rd6 37. Rc3 Ne8 38. cxd6 Bd7 39. Bd5 Be6 40. Bxe6 Qxe6
41. e4 Nxd6 42. e5 Ne4 43. Rxe4 fxe4+ 44. Qxe4 g6 45. Qa8+ Kg7 46. Qd8 Qf7 47.
Rc7 h5 48. Rxf7+ Kxf7 49. Qf6+ Ke8 50. Qg7 Kd8 51. Ke4 Kc8 52. Kd5 Kb8 53. Kc6
1-0

[Event "New Zealand Open Ch'p 2015"]
[Site "Devonport, Auckland"]
[Date "2015.01.04"]
[Round "4.55"]
[White "Yuan, Kimberley"]
[Black "Nylund, Timothy"]
[Result "0-1"]
[WhiteElo "1038"]
[BlackElo "1405"]
[PlyCount "86"]
[EventDate "2015.01.01"]
[EventType "swiss"]
[EventRounds "9"]
[SourceDate "2015.01.01"]

1. d4 g6 2. c4 d6 3. Nc3 Bg7 4. e4 a6 5. Nf3 Nd7 6. Bd3 c5 7. dxc5 Nxc5 8. O-O
e6 9. Bc2 Ne7 10. Bd2 O-O 11. Rc1 b5 12. b3 Bb7 13. Re1 b4 14. Nb1 a5 15. a3
Bb2 16. a4 Bxc1 17. Bxc1 Rc8 18. Bf4 e5 19. Bc1 Qc7 20. Bd3 Qb8 21. Be3 Qa8 22.
Bg5 f6 23. Bc1 Bxe4 24. Bxe4 Nxe4 25. Qd3 f5 26. Nfd2 d5 27. cxd5 Qxd5 28.
Qxd5+ Nxd5 29. Nxe4 fxe4 30. Bb2 Nc3 31. h3 Nxb1 32. Rxb1 Rc2 33. Bxe5 Rfxf2
34. g3 Rg2+ 35. Kh1 Rh2+ 36. Kg1 Rxh3 37. Re1 Rhh2 38. g4 Rhd2 39. Kf1 Rf2+ 40.
Kg1 Rg2+ 41. Kh1 Rxg4 42. Rb1 Rc5 43. Bb2 Rh5# 0-1

[Event "New Zealand Open Ch'p 2015"]
[Site "Devonport, Auckland"]
[Date "2015.01.04"]
[Round "4.56"]
[White "Braganza, Nadia"]
[Black "Ryu, Rosa"]
[Result "1-0"]
[WhiteElo "1334"]
[BlackElo "684"]
[PlyCount "55"]
[EventDate "2015.01.01"]
[EventType "swiss"]
[EventRounds "9"]
[SourceDate "2015.01.01"]

1. e4 e6 2. Nf3 Nf6 3. Nc3 d5 4. Bd3 c5 5. b3 Nc6 6. Bb5 Bd7 7. exd5 exd5 8.
Qe2+ Be7 9. Ne5 O-O 10. Nxd7 Nxd7 11. Nxd5 Nd4 12. Nxe7+ Kh8 13. Qe4 Nf6 14.
Qe5 Nxc2+ 15. Kd1 Nxa1 16. Qxa1 Qxe7 17. Re1 Qd8 18. Qc3 Rc8 19. Bb2 a6 20. Bd3
Re8 21. Rxe8+ Qxe8 22. g4 Qe6 23. h3 Re8 24. g5 Qe1+ 25. Kc2 Nh5 26. Bf5 Qxf2
27. Bg4 Nf4 28. Qxg7# 1-0

[Event "New Zealand Open Ch'p 2015"]
[Site "Devonport, Auckland"]
[Date "2015.01.04"]
[Round "4.57"]
[White "Li, Leo Xiang Yu"]
[Black "Mendoza, Darcy"]
[Result "0-1"]
[WhiteElo "955"]
[BlackElo "612"]
[PlyCount "84"]
[EventDate "2015.01.01"]
[EventType "swiss"]
[EventRounds "9"]
[SourceDate "2015.01.01"]

1. e4 c5 2. Nf3 Nc6 3. Bb5 a6 4. Bxc6 bxc6 5. d4 e6 6. Nc3 d6 7. dxc5 d5 8. O-O
Bxc5 9. Re1 Ne7 10. exd5 cxd5 11. Be3 Bxe3 12. Rxe3 Ng6 13. Nxd5 O-O 14. Nc3
Qa5 15. Qd6 Rd8 16. Qc6 Ra7 17. Rd3 Rad7 18. Rxd7 Bxd7 19. Qc4 Bc8 20. Qa4 Qc7
21. Rd1 Rxd1+ 22. Nxd1 h6 23. Nc3 Ne5 24. Nxe5 Qxe5 25. g3 Bb7 26. Qc4 Qh5 27.
Qf4 Bc6 28. Ne4 Qd5 29. f3 Qd1+ 30. Kg2 Qxc2+ 31. Qd2 Bxe4 32. Qf2 Qxf2+ 33.
Kxf2 Bb1 34. a4 a5 35. f4 Bc2 36. b4 axb4 37. a5 b3 38. a6 b2 39. a7 Be4 40.
Ke3 Ba8 41. Kd4 b1=Q 42. Kc5 Qb7 0-1

[Event "New Zealand Open Ch'p 2015"]
[Site "Devonport, Auckland"]
[Date "2015.01.05"]
[Round "5.1"]
[White "Dive, Russell J"]
[Black "Bischoff, Klaus"]
[Result "1/2-1/2"]
[WhiteElo "2315"]
[BlackElo "2490"]
[PlyCount "61"]
[EventDate "2015.01.01"]
[EventType "swiss"]
[EventRounds "9"]
[SourceDate "2015.01.01"]

1. d4 Nf6 2. Nf3 e6 3. g3 d5 4. Bg2 Be7 5. O-O b5 6. a4 b4 7. Nbd2 O-O 8. c4
bxc3 9. bxc3 Nbd7 10. c4 c6 11. Qc2 Ba6 12. Re1 c5 13. Ba3 Rc8 14. cxd5 Nxd5
15. Qb2 Rb8 16. Qc1 Rc8 17. Qb2 Rb8 18. Qc1 Qa5 19. Nc4 Qc7 20. Nce5 Nxe5 21.
Nxe5 Nb4 22. Rb1 Rfc8 23. dxc5 Qxe5 24. Bxb4 Bxc5 25. Bxc5 Rxb1 26. Qxb1 Qxc5
27. e3 Qa5 28. Qa1 Rc2 29. Rd1 h6 30. Qd4 Rc8 31. Qxa7 1/2-1/2

[Event "New Zealand Open Ch'p 2015"]
[Site "Devonport, Auckland"]
[Date "2015.01.05"]
[Round "5.2"]
[White "Howell, David W L"]
[Black "Zelesco, Karl"]
[Result "1-0"]
[WhiteElo "2670"]
[BlackElo "2210"]
[PlyCount "55"]
[EventDate "2015.01.01"]
[EventType "swiss"]
[EventRounds "9"]
[SourceDate "2015.01.01"]

1. c4 e5 2. Nc3 Nf6 3. Nf3 Nc6 4. g3 Nd4 5. Bg2 Nxf3+ 6. Bxf3 Bb4 7. d4 Qe7 8.
dxe5 Qxe5 9. O-O Bxc3 10. bxc3 Qxc3 11. Bf4 Qxc4 12. Rc1 Qxa2 13. Rxc7 O-O 14.
Bd6 Re8 15. Qd4 a5 16. e4 h5 17. e5 Ng4 18. h3 Nh6 19. Bd5 Qe2 20. Rfc1 a4 21.
R7c2 Qa6 22. g4 hxg4 23. hxg4 b5 24. g5 Nf5 25. g6 Re6 26. gxf7+ Kxf7 27. Qf4
Kg6 28. Be4 1-0

[Event "New Zealand Open Ch'p 2015"]
[Site "Devonport, Auckland"]
[Date "2015.01.05"]
[Round "5.4"]
[White "Rasmussen, Allan Stig"]
[Black "Gao, Hans"]
[Result "1/2-1/2"]
[WhiteElo "2526"]
[BlackElo "2116"]
[PlyCount "70"]
[EventDate "2015.01.01"]
[EventType "swiss"]
[EventRounds "9"]
[SourceDate "2015.01.01"]

1. d4 Nf6 2. Nf3 g6 3. Bf4 Bg7 4. e3 O-O 5. Be2 d5 6. O-O c5 7. c3 Nc6 8. h3 b6
9. Nbd2 Bb7 10. Qb3 Nd7 11. Rad1 Re8 12. Rfe1 e6 13. Bd6 Rc8 14. Qa3 Bf8 15.
Bxf8 Rxf8 16. e4 cxd4 17. exd5 dxc3 18. dxc6 cxd2 19. Rxd2 Bxc6 20. Red1 Bd5
21. Nd4 Ne5 22. f4 Nc6 23. Bf3 Na5 24. b3 Bxf3 25. Nxf3 Qf6 26. Qa4 Rfd8 27.
Rxd8+ Rxd8 28. Rxd8+ Qxd8 29. b4 Nc4 30. Qxa7 Qd1+ 31. Kh2 Qd6 32. Qa8+ Kg7 33.
Qe4 Qxb4 34. Qd4+ Kg8 35. Ne5 b5 1/2-1/2

[Event "New Zealand Open Ch'p 2015"]
[Site "Devonport, Auckland"]
[Date "2015.01.05"]
[Round "5.5"]
[White "Sukandar, Irine Kharisma"]
[Black "Timergazi, Layla"]
[Result "1-0"]
[WhiteElo "2392"]
[BlackElo "1932"]
[PlyCount "59"]
[EventDate "2015.01.01"]
[EventType "swiss"]
[EventRounds "9"]
[SourceDate "2015.01.01"]

1. e4 e6 2. d4 d5 3. Nc3 Bb4 4. exd5 exd5 5. Qf3 Ne7 6. Bd3 c5 7. Bb5+ Bd7 8.
Bxd7+ Qxd7 9. a3 Bxc3+ 10. Qxc3 Qg4 11. Ne2 c4 12. Qg3 Qxg3 13. hxg3 Nbc6 14.
g4 b5 15. Bf4 Kd7 16. Kd2 h6 17. Rh5 g5 18. Be3 f5 19. gxf5 Nxf5 20. Rah1 Nh4
21. g3 Nf5 22. Bxg5 Ncxd4 23. Nxd4 Nxd4 24. Bf6 Nf3+ 25. Ke3 Rhf8 26. Rxh6
Rae8+ 27. Kxf3 Re6 28. Kg2 Rexf6 29. Rxf6 Rxf6 30. Rh7+ 1-0

[Event "New Zealand Open Ch'p 2015"]
[Site "Devonport, Auckland"]
[Date "2015.01.05"]
[Round "5.6"]
[White "Van Riemsdijk, Herman C"]
[Black "Zulfic, Fedja"]
[Result "1/2-1/2"]
[WhiteElo "2356"]
[BlackElo "2114"]
[PlyCount "68"]
[EventDate "2015.01.01"]
[EventType "swiss"]
[EventRounds "9"]
[SourceDate "2015.01.01"]

1. e4 c5 2. Nf3 d6 3. d4 cxd4 4. Nxd4 Nf6 5. Nc3 a6 6. Bc4 e6 7. Bb3 b5 8. a3
Be7 9. f4 Qc7 10. f5 exf5 11. Nxf5 Bxf5 12. exf5 Nc6 13. Bg5 O-O 14. O-O Na5
15. Qd2 Rad8 16. Bxf6 Nxb3 17. cxb3 Bxf6 18. Nd5 Qc5+ 19. Kh1 Qd4 20. Rf2 Rfe8
21. Rd1 Re4 22. Qxd4 Bxd4 23. Rfd2 Rde8 24. g3 Re1+ 25. Rxe1 Rxe1+ 26. Kg2 Be5
27. Nc7 Re3 28. b4 Rb3 29. Nxa6 Rxb2 30. Rxb2 Bxb2 31. Nc7 Bxa3 32. Nxb5 Bxb4
33. Kf3 Bc5 34. Ke4 Kf8 1/2-1/2